Asian Capitals in Alphabetical Order - Statistics

General Stats
  • This quiz has been taken 128 times
  • The average score is 40 of 48
Answers on the Map
Answers color-coded by a green-red scale on the quiz's map according to % correct below.
 
Answer Stats
Answer % Correct
Abu Dhabi
97%
Amman
94%
Ankara
94%
Baghdad
94%
Astana
91%
Beijing
91%
Ashgabat
88%
Baku
88%
Bangkok
88%
Bishkek
88%
Beirut
85%
Damascus
85%
Dhaka
85%
Dili
85%
Dushanbe
85%
Hanoi
85%
Islamabad
85%
Jakarta
85%
Kabul
85%
Kuala Lumpur
85%
Kuwait
85%
New Delhi
85%
Bandar Seri Begawan
82%
Doha
82%
Jerusalem
82%
Kathmandu
82%
Manila
82%
Muscat
82%
Malé
79%
Nicosia
79%
Pyongyang
79%
Seoul
79%
Singapore
79%
Taipei
79%
Tashkent
79%
Tehran
79%
Tokyo
79%
Ulaanbaatar
79%
Yerevan
79%
Manama
76%
Riyadh
76%
Sana'a
76%
Tbilisi
76%
Vientiane
76%
Naypyidaw
73%
Phnom Penh
73%
Thimphu
73%
Sri Jayawardenapura Kotte
70%
No matching quizzes found
Score Distribution
Percent of People with Each Score
Percentile by Number Answered
Your Score History
You have not taken this quiz